Programas: castellano, estudio de la naturaleza, matemáticas, educación social de 1º a 6º años
Gespeichert in:
| Hauptverfasser: | , , |
|---|---|
| Format: | Buch |
| Sprache: | Spanisch |
| Veröffentlicht: |
Santiago
Fuentealba
1947
|
| Schlagworte: | |
| Tags: |
Tag hinzufügen
Keine Tags, Fügen Sie den ersten Tag hinzu!
|
MARC
| LEADER | 00000nam a2200000 a 4500 | ||
|---|---|---|---|
| 001 | UCZ5949 | ||
| 003 | CL-VaPUC | ||
| 008 | 951130e19470000CL |||||||||||||||||spa|d | ||
| 082 | 0 | 4 | |a 372.19 |b MIC |2 21 |
| 100 | |a Micheli Candia, Climene |e autora |9 350155 | ||
| 700 | 0 | |a Fernández de Ibarra, Zaíra |e author |9 350156 | |
| 700 | 0 | |a Aguayo P., J. A |e author |9 350157 | |
| 245 | 1 | 0 | |a Programas: castellano, estudio de la naturaleza, matemáticas, educación social de 1º a 6º años |
| 300 | |a 49 p | ||
| 942 | |c BK | ||
| 945 | |d 19951130 00:00:00 |a rleighto | ||
| 260 | |a Santiago |b Fuentealba |c 1947 | ||
| 650 | 0 | |a Programas de educación |9 339040 | |
| 650 | 0 | |a Planificación del currículo |9 269599 | |
| 650 | 7 | |a CASTELLANO |2 CL-VaPUC |9 346426 | |
| 650 | 0 | |a Ciencias naturales |9 260542 | |
| 650 | 0 | |a Matemática |9 260235 | |
| 650 | 0 | |a Educación básica |9 224933 | |
| 651 | 7 | |a CHILE |2 CL-VaPUC |9 350158 | |
| 583 | |a last modification |c 20190701 09:43:17 |k Rodrigo Vera | ||
| 999 | |c 242221 |d 242219 | ||
| 952 | |0 0 |1 0 |4 0 |6 372_190000000000000_MIC_1947 |7 0 |8 P |9 255012 |a BIBEDU |b BIBEDU |c BIBEDU_PB |d 2019-11-19 |i 3153339 |o 372.19 MIC 1947 |p 3153339 |r 2024-01-25 |w 2019-11-19 |y BK |k EDU | ||